00354nam a22001457a 4500003000400000008004100004020001800045082001600063100001700079245003300096250001100129260002700140300000800167650003300175OSt230414b |||||||| |||| 00| 0 eng d a9788126564057 a658.478 GOI aGODBOLE,Nina aInformation Systems Security a2nd Ed aNew DelhibWileyc2020 a912 aInformation Systems Security